Pays vainqueurs de la CAN - Mort subite - Statistiques

Statistiques générales
  • Ce quiz a été pris 87 fois
  • Le résultat moyen est 10 sur 15
Answers on the Grid
Answers color-coded by a green-red scale on the quiz's grid according to % correct below.
Afrique du Sud
Algérie
Cameroun
Cap-Vert
Côte d'Ivoire
Egypte
Ethiopie
Ghana
Guinée
Guinée Equatoriale
Kenya
Liberia
Libye
Madagascar
Mali
Maroc
Mozambique
Namibie
Nigeria
République démocratique du Congo
République du Congo
Sénégal
Somalie
Soudan
Tanzanie
Tchad
Togo
Tunisie
Zambie
Zimbabwe
 
Statistiques - réponses
Réponse % Correct
Cameroun
95%
Côte d'Ivoire
94%
Algérie
91%
Egypte
89%
Sénégal
88%
Maroc
86%
Nigeria
75%
Ghana
69%
Afrique du Sud
67%
Tunisie
64%
République démocratique du Congo
61%
Zambie
52%
République du Congo
38%
Soudan
28%
Ethiopie
27%
Aucun quiz correspondant
Distribution des résultats
% des personnes avec chaque résultat
Percentile par nombre de réponses
Votre historique - résultats
Vous n’avez pas pris ce quiz